[Event "NB2 Szechenyi csoport"]
[Site "Keszthely"]
[Date "2024.11.03"]
[Round "1.5"]
[White "Farkas, Renata"]
[Black "Szakaly, Laszlo"]
[Result "1/2-1/2"]
[WhiteElo "1944"]
[BlackElo "1906"]
[PlyCount "183"]
[EventDate "2024.11.03"]
[EventType "team-tourn"]
[EventRounds "11"]
[EventCountry "HUN"]
[Source "chess.hu"]
[SourceDate "2024.11.04"]
[WhiteTeam "Haladas VSE"]
[BlackTeam "Spartacus Sportkor"]
[WhiteTeamCountry "HUN"]
[BlackTeamCountry "HUN"]

1. d4 d5 2. c4 e6 3. Nf3 c5 4. cxd5 exd5 5. g3 Nc6 6. Nc3 Nf6 7. Bg2 cxd4 8.
Nxd4 Bc5 9. Nb3 Bb6 10. Nxd5 Be6 11. Nc3 Qxd1+ 12. Nxd1 Nb4 13. O-O Nxa2 14.
Rxa2 Bxb3 15. Ra3 Bd5 16. Be3 Bxg2 17. Kxg2 Nd5 18. Bxb6 Nxb6 19. Re3+ Kd7 20.
Nc3 Rae8 21. Rd3+ Ke7 22. Rfd1 f6 23. Nb5 Rd8 24. Nxa7 Rxd3 25. Rxd3 Ra8 26.
Rb3 Rxa7 27. Rxb6 Kd7 28. Kf3 Kc7 29. Re6 Kd7 30. Rb6 Kc7 31. Rb3 Kc6 32. Ke3
b5 33. Ra3 Rd7 34. Rd3 Ra7 35. Kd2 Ra1 36. Rc3+ Kd6 37. Rc1 Ra7 38. Rc8 Ra1 39.
Rg8 Ra7 40. Kd3 Rc7 41. e4 Kc5 42. Kc3 b4+ 43. Kb3 Kd4 44. Re8 Rb7 45. f4 Rb5
46. Re7 g6 47. Re6 Rh5 48. h4 Rb5 49. e5 fxe5 50. Rxe5 Rb7 51. h5 gxh5 52. Rxh5
Ke4 53. Rg5 Kd4 54. Rg8 Ke4 55. Rg5 Kd4 56. f5 Ke5 57. g4 Kf6 58. Rg8 h5 59.
gxh5 Kxf5 60. Rg1 Rb6 61. Rh1 Rb8 62. h6 Kg6 63. h7 Rh8 64. Kxb4 Kg7 65. Rg1+
Kf7 66. Rc1 Rb8+ 67. Ka5 Ra8+ 68. Kb6 Kg7 69. Rc7+ Kh8 70. b4 Rb8+ 71. Rb7 Ra8
72. Kc7 Rc8+ 73. Kd7 Rd8+ 74. Ke7 Re8+ 75. Kf7 Rf8+ 76. Ke6 Rf6+ 77. Kd5 Rd6+
78. Kc5 Rc6+ 79. Kb5 Rc5+ 80. Kb6 Rc6+ 81. Ka7 Ra6+ 82. Kb8 Ra8+ 83. Kc7 Rc8+
84. Kd6 Rc6+ 85. Kd5 Rc5+ 86. Kd4 Rc4+ 87. Ke5 Rc5+ 88. Ke6 Rc6+ 89. Ke7 Re6+
90. Kd7 Rd6+ 91. Kc7 Rc6+ 92. Kxc6 1/2-1/2

[Event "NB2 Szechenyi csoport"]
[Site "Keszthely"]
[Date "2024.11.03"]
[Round "1.6"]
[White "Tamas, Gyorgy"]
[Black "Hajdu, Istvan"]
[Result "1/2-1/2"]
[WhiteElo "1920"]
[BlackElo "1824"]
[PlyCount "34"]
[EventDate "2024.11.03"]
[EventType "team-tourn"]
[EventRounds "11"]
[EventCountry "HUN"]
[Source "chess.hu"]
[SourceDate "2024.11.04"]
[WhiteTeam "Spartacus Sportkor"]
[BlackTeam "Haladas VSE"]
[WhiteTeamCountry "HUN"]
[BlackTeamCountry "HUN"]

1. d4 Nf6 2. Nf3 d5 3. c4 e6 4. Bg5 Be7 5. e3 O-O 6. Nc3 b6 7. Bd3 Bb7 8. O-O
Nbd7 9. Rc1 c5 10. Qe2 a6 11. a4 Ne4 12. Bxe7 Qxe7 13. Nd2 Nxd2 14. Qxd2 dxc4
15. Bxc4 Rfd8 16. Qe2 Nf6 17. Rfd1 Nd5 1/2-1/2

[Event "NB2 Szechenyi csoport"]
[Site "Keszthely"]
[Date "2024.11.03"]
[Round "1.7"]
[White "Olah, Jozsef"]
[Black "Suket, Ferenc"]
[Result "0-1"]
[WhiteElo "1831"]
[BlackElo "1862"]
[PlyCount "112"]
[EventDate "2024.11.03"]
[EventType "team-tourn"]
[EventRounds "11"]
[EventCountry "HUN"]
[Source "chess.hu"]
[SourceDate "2024.11.04"]
[WhiteTeam "Haladas VSE"]
[BlackTeam "Spartacus Sportkor"]
[WhiteTeamCountry "HUN"]
[BlackTeamCountry "HUN"]

1. d4 d5 2. Bf4 e6 3. e3 c5 4. Nf3 Nf6 5. c3 Bd7 6. Nbd2 Nc6 7. Bd3 h6 8. e4
cxd4 9. cxd4 dxe4 10. Nxe4 Bb4+ 11. Bd2 Nxe4 12. Bxe4 Qb6 13. Bc3 O-O 14. O-O
Rad8 15. Bb1 Bxc3 16. Qc2 g6 17. bxc3 Rc8 18. h4 f5 19. Re1 Kg7 20. Qd2 Ne7 21.
Ne5 Be8 22. g4 Nc6 23. Qe2 Nd8 24. gxf5 exf5 25. Nc4 Qf6 26. Bd3 b5 27. Nd2
Rxc3 28. Bxb5 Bxb5 29. Qxb5 Qxd4 30. Qe5+ Qxe5 31. Rxe5 Nc6 32. Re6 Rf6 33. Re8
Rh3 34. Rb1 Rxh4 35. Nf3 Ra4 36. Rb2 g5 37. Ne5 Nxe5 38. Rxe5 Kg6 39. Kg2 h5
40. Re8 Rf7 41. Re6+ Rf6 42. Re8 Rfa6 43. Rbe2 Re4 44. R8xe4 fxe4 45. Rc2 Ra5
46. Kg3 Kf5 47. Rd2 Ra3+ 48. Kg2 Kf4 49. Rc2 h4 50. Rb2 a5 51. Rc2 a4 52. Rb2
Rd3 53. Rc2 g4 54. Rb2 g3 55. Re2 h3+ 56. Kg1 Rd1+ 0-1

[Event "NB2 Szechenyi csoport"]
[Site "Keszthely"]
[Date "2024.11.03"]
[Round "1.8"]
[White "Wegner, Bela"]
[Black "Ratkai, Marianna"]
[Result "1/2-1/2"]
[WhiteElo "1888"]
[BlackElo "1816"]
[PlyCount "20"]
[EventDate "2024.11.03"]
[EventType "team-tourn"]
[EventRounds "11"]
[EventCountry "HUN"]
[Source "chess.hu"]
[SourceDate "2024.11.04"]
[WhiteTeam "Spartacus Sportkor"]
[BlackTeam "Haladas VSE"]
[WhiteTeamCountry "HUN"]
[BlackTeamCountry "HUN"]

1. Nf3 Nc6 2. d4 d5 3. Nc3 Nf6 4. Bf4 a6 5. e3 Bg4 6. Be2 e6 7. h3 Bxf3 8. Bxf3
Bd6 9. Bg5 Be7 10. Bf4 Qd7 1/2-1/2

[Event "NB2 Szechenyi csoport"]
[Site "Keszthely"]
[Date "2024.11.03"]
[Round "1.9"]
[White "Balogh, Gerda"]
[Black "Gyorfi, Norbert"]
[Result "0-1"]
[WhiteElo "1696"]
[BlackElo "1803"]
[PlyCount "68"]
[EventDate "2024.11.03"]
[EventType "team-tourn"]
[EventRounds "11"]
[EventCountry "HUN"]
[Source "chess.hu"]
[SourceDate "2024.11.04"]
[WhiteTeam "Haladas VSE"]
[BlackTeam "Spartacus Sportkor"]
[WhiteTeamCountry "HUN"]
[BlackTeamCountry "HUN"]

1. e4 c6 2. d4 d5 3. f3 e6 4. Nc3 Bb4 5. Be3 dxe4 6. fxe4 Qh4+ 7. g3 Qxe4 8.
Qe2 Nf6 9. a3 Bxc3+ 10. bxc3 Nd5 11. Kd2 Nd7 12. Bg2 Qxe3+ 13. Qxe3 Nxe3 14.
Kxe3 Nb6 15. Ne2 O-O 16. Rad1 Nc4+ 17. Kd3 Nb2+ 18. Ke3 Nxd1+ 19. Rxd1 Re8 20.
Kf2 Rd8 21. c4 e5 22. d5 cxd5 23. cxd5 Bg4 24. c4 Rac8 25. Rc1 Rc5 26. h3 Bxe2
27. Kxe2 b5 28. Kd3 Rdc8 29. Ke4 f6 30. Kf5 Kf7 31. Rb1 g6+ 32. Ke4 Rxc4+ 33.
Kd3 Rc3+ 34. Ke4 R8c4# 0-1

[Event "NB2 Szechenyi csoport"]
[Site "Keszthely"]
[Date "2024.11.03"]
[Round "1.10"]
[White "Vajda, Lajos"]
[Black "Bolla, Zsofia"]
[Result "1/2-1/2"]
[WhiteElo "1814"]
[BlackElo "1668"]
[PlyCount "108"]
[EventDate "2024.11.03"]
[EventType "team-tourn"]
[EventRounds "11"]
[EventCountry "HUN"]
[Source "chess.hu"]
[SourceDate "2024.11.04"]
[WhiteTeam "Spartacus Sportkor"]
[BlackTeam "Haladas VSE"]
[WhiteTeamCountry "HUN"]
[BlackTeamCountry "HUN"]

1. c4 e6 2. Nc3 d5 3. cxd5 exd5 4. d4 Nf6 5. g3 Bf5 6. Bg2 c6 7. e3 Nbd7 8.
Nge2 Bd6 9. O-O O-O 10. h3 h6 11. a3 Re8 12. g4 Bh7 13. f4 g6 14. Kh1 Ne4 15.
Nxe4 dxe4 16. Nc3 g5 17. f5 Nf6 18. Bd2 Bc7 19. Rf2 Qd6 20. Qg1 Qg3 21. Bf1 Qd6
22. Rd1 Rad8 23. Na4 b6 24. Rc1 Rc8 25. Bb4 Qd7 26. Rfc2 c5 27. dxc5 Qxa4 28.
cxb6 axb6 29. Rxc7 Rxc7 30. Rxc7 Nd5 31. Rc4 Qb3 32. Bc3 Nxc3 33. bxc3 Qxa3 34.
Rc6 Kg7 35. Bb5 Rd8 36. Qe1 Qb3 37. Be2 Qd5 38. Rc4 Re8 39. Rd4 Qc5 40. Qd2 Bg8
41. Rd7 Qa5 42. Qd4+ Qe5 43. Qxe5+ Rxe5 44. Rb7 Rc5 45. c4 Rc6 46. Kg1 Kf6 47.
Rb8 Kg7 48. Re8 f6 49. Rxe4 Kf8 50. Kf2 Bf7 51. Rd4 Ke7 52. e4 Rc5 53. Ke3 Rc7
54. Kf2 Rc5 1/2-1/2

[Event "NB2 Szechenyi csoport"]
[Site "Keszthely"]
[Date "2024.11.03"]
[Round "1.11"]
[White "Lovasi, Boldizsar"]
[Black "Horvath, Roland"]
[Result "0-1"]
[WhiteElo "1661"]
[BlackElo "1770"]
[PlyCount "28"]
[EventDate "2024.11.03"]
[EventType "team-tourn"]
[EventRounds "11"]
[EventCountry "HUN"]
[Source "chess.hu"]
[SourceDate "2024.11.04"]
[WhiteTeam "Haladas VSE"]
[BlackTeam "Spartacus Sportkor"]
[WhiteTeamCountry "HUN"]
[BlackTeamCountry "HUN"]

1. e4 a6 2. d4 c6 3. Nf3 d5 4. Nc3 Bg4 5. Be2 e6 6. O-O Nf6 7. e5 Nfd7 8. Be3
c5 9. Nd2 Bxe2 10. Qxe2 Nc6 11. dxc5 d4 12. Bxd4 Nxd4 13. Qd3 Nxe5 14. Qe3 Nxc2
0-1

[Event "NB2 Szechenyi csoport"]
[Site "Veszprem"]
[Date "2024.11.03"]
[Round "1.1"]
[White "Margl, Roland"]
[Black "Jonas, Zsolt"]
[Result "1-0"]
[WhiteElo "2263"]
[BlackElo "2051"]
[PlyCount "43"]
[EventDate "2024.11.03"]
[EventType "team-tourn"]
[EventRounds "11"]
[EventCountry "HUN"]
[Source "chess.hu"]
[SourceDate "2024.11.04"]
[WhiteTeam "Szechenyi ESE Gyor"]
[BlackTeam "Ezust Huszar SE"]
[WhiteTeamCountry "HUN"]
[BlackTeamCountry "HUN"]

1. d4 Nf6 2. c4 e6 3. Nc3 d5 4. cxd5 exd5 5. Bg5 Be7 6. e3 O-O 7. Bd3 Nbd7 8.
Nge2 c5 9. O-O cxd4 10. Nxd4 Ne5 11. Nf5 Be6 12. Rc1 Rc8 13. Bb1 Kh8 14. Qd4
Bxf5 15. Bxf5 Rc4 16. Qxe5 Bd6 17. Bxf6 gxf6 18. Qxd5 Rxc3 19. Qd4 Bxh2+ 20.
Kxh2 Qc7+ 21. g3 Rxc1 22. Qh4 1-0

[Event "NB2 Szechenyi csoport"]
[Site "Veszprem"]
[Date "2024.11.03"]
[Round "1.2"]
[White "Domonkos, Daniel"]
[Black "Gyurkovics, Bence Dr"]
[Result "0-1"]
[WhiteElo "1989"]
[BlackElo "2259"]
[PlyCount "54"]
[EventDate "2024.11.03"]
[EventType "team-tourn"]
[EventRounds "11"]
[EventCountry "HUN"]
[Source "chess.hu"]
[SourceDate "2024.11.04"]
[WhiteTeam "Ezust Huszar SE"]
[BlackTeam "Szechenyi ESE Gyor"]
[WhiteTeamCountry "HUN"]
[BlackTeamCountry "HUN"]

1. d4 Nf6 2. c4 e6 3. Nf3 c5 4. e3 d5 5. dxc5 Bxc5 6. Nc3 Nc6 7. cxd5 exd5 8.
Bb5 O-O 9. O-O a6 10. Be2 Be6 11. b3 Qe7 12. Bb2 Ba7 13. Rc1 Rac8 14. Ng5 Rfd8
15. Nxe6 Qxe6 16. Bf3 d4 17. exd4 Bxd4 18. Qc2 Nb4 19. Qb1 Nd3 20. Rc2 Nxb2 21.
Qxb2 Qe5 22. Rfc1 Rc7 23. Re2 Bxc3 24. Rxe5 Bxb2 25. Rxc7 Bxe5 26. Rxb7 g5 27.
g3 Rd2 0-1

[Event "NB2 Szechenyi csoport"]
[Site "Veszprem"]
[Date "2024.11.03"]
[Round "1.3"]
[White "Csidey, Csongor"]
[Black "Major, Robert"]
[Result "1-0"]
[WhiteElo "2066"]
[BlackElo "1942"]
[PlyCount "99"]
[EventDate "2024.11.03"]
[EventType "team-tourn"]
[EventRounds "11"]
[EventCountry "HUN"]
[Source "chess.hu"]
[SourceDate "2024.11.04"]
[WhiteTeam "Szechenyi ESE Gyor"]
[BlackTeam "Ezust Huszar SE"]
[WhiteTeamCountry "HUN"]
[BlackTeamCountry "HUN"]

1. e4 c5 2. c3 d5 3. exd5 Qxd5 4. d4 e5 5. dxe5 Qxe5+ 6. Be3 Bd6 7. Nf3 Qe7 8.
Na3 Nd7 9. Bb5 a6 10. Nc4 Bc7 11. Bxd7+ Bxd7 12. O-O Nf6 13. Re1 Be6 14. Ng5
O-O 15. Nxe6 Qxe6 16. b3 Qc6 17. Qf3 Qxf3 18. gxf3 b5 19. Nd2 Rac8 20. c4 Ba5
21. Red1 Rfe8 22. Rac1 h6 23. cxb5 axb5 24. Bxc5 Nd5 25. Ne4 Nf4 26. Kf1 Bc7
27. Be3 Ne6 28. Rd5 Ra8 29. Rc2 b4 30. Rb5 Bxh2 31. Rxb4 f5 32. Nc5 Bd6 33.
Rbc4 f4 34. Ne4 fxe3 35. Nxd6 Rf8 36. Re4 Ng5 37. Rxe3 Nxf3 38. a4 Rad8 39. Rc6
Nd4 40. Rb6 Rf6 41. Nc4 Rxb6 42. Nxb6 Rb8 43. a5 Nc6 44. Nc4 Ra8 45. Re1 Ra7
46. Ra1 Kf7 47. Ra4 Ke6 48. b4 Nd4 49. Na3 Nb3 50. Nb5 1-0

[Event "NB2 Szechenyi csoport"]
[Site "Veszprem"]
[Date "2024.11.03"]
[Round "1.4"]
[White "Domonkos, Andras"]
[Black "Kocsis, Tihamer"]
[Result "1/2-1/2"]
[WhiteElo "1983"]
[BlackElo "1962"]
[PlyCount "136"]
[EventDate "2024.11.03"]
[EventType "team-tourn"]
[EventRounds "11"]
[EventCountry "HUN"]
[Source "chess.hu"]
[SourceDate "2024.11.04"]
[WhiteTeam "Ezust Huszar SE"]
[BlackTeam "Szechenyi ESE Gyor"]
[WhiteTeamCountry "HUN"]
[BlackTeamCountry "HUN"]

1. c4 e6 2. Nc3 f5 3. e4 fxe4 4. Nxe4 Nf6 5. d3 Bb4+ 6. Bd2 Bxd2+ 7. Qxd2 O-O
8. Nf3 b6 9. Ng3 Bb7 10. Be2 Nc6 11. O-O e5 12. Qg5 d6 13. Nf5 Ne8 14. Qxd8
Rxd8 15. Ne3 Nf6 16. Rfd1 Rde8 17. d4 exd4 18. Nxd4 Nxd4 19. Rxd4 a5 20. Bd1
Bc6 21. Bb3 a4 22. Bc2 Re5 23. b3 axb3 24. Bxb3 Rc5 25. Nc2 Ra8 26. Re1 Kf8 27.
Nb4 Ba4 28. Nd3 Bxb3 29. axb3 Rf5 30. g4 Rg5 31. h3 Kf7 32. b4 h5 33. f4 Rg6
34. g5 Re8 35. h4 Rxe1+ 36. Nxe1 Ke6 37. Kf2 Ng4+ 38. Kg3 Nh6 39. Re4+ Kd7 40.
Kf3 Nf5 41. Ng2 Re6 42. Rxe6 Kxe6 43. b5 g6 44. Ke4 d5+ 45. cxd5+ Kd6 46. Ne3
Nxh4 47. f5 gxf5+ 48. Nxf5+ Nxf5 49. Kxf5 Ke7 50. g6 h4 51. Kg4 h3 52. Kxh3 Kf6
53. Kg4 Kxg6 54. Kf4 Kf6 55. Ke4 Kf7 56. d6 cxd6 57. Kd5 Ke7 58. Kc6 Ke6 59.
Kxb6 d5 60. Kc5 Kd7 61. Kxd5 Kc7 62. Kc5 Kb7 63. b6 Kb8 64. Kc6 Ka8 65. Kb5 Kb7
66. Ka5 Kb8 67. Ka6 Ka8 68. Kb5 Kb7 1/2-1/2

[Event "NB2 Szechenyi csoport"]
[Site "Veszprem"]
[Date "2024.11.03"]
[Round "1.5"]
[White "Horvath, Zoltan"]
[Black "Oltean, Gusztav"]
[Result "0-1"]
[WhiteElo "1917"]
[BlackElo "1985"]
[PlyCount "64"]
[EventDate "2024.11.03"]
[EventType "team-tourn"]
[EventRounds "11"]
[EventCountry "HUN"]
[Source "chess.hu"]
[SourceDate "2024.11.04"]
[WhiteTeam "Szechenyi ESE Gyor"]
[BlackTeam "Ezust Huszar SE"]
[WhiteTeamCountry "HUN"]
[BlackTeamCountry "HUN"]

1. e4 c6 2. d4 d5 3. Nc3 dxe4 4. Nxe4 Nd7 5. c3 Ngf6 6. Ng3 e6 7. Bd3 Be7 8.
Nf3 b6 9. Bf4 Nd5 10. Qd2 Nxf4 11. Qxf4 Nf6 12. Ne5 Bb7 13. O-O O-O 14. Qf3 Qc7
15. Qe2 Rad8 16. Rad1 c5 17. dxc5 Bxc5 18. Ng4 Nd5 19. Qe4 g6 20. Nh6+ Kg7 21.
Qh4 Qf4 22. Ng4 f5 23. c4 Nf6 24. Bxf5 Rxd1 25. Rxd1 exf5 26. h3 fxg4 27. Rf1
g5 28. Nh5+ Nxh5 29. Qxh5 g3 30. Qe2 gxf2+ 31. Kh1 Bd6 32. Qe7+ Bxe7 0-1

[Event "NB2 Szechenyi csoport"]
[Site "Veszprem"]
[Date "2024.11.03"]
[Round "1.6"]
[White "Matyi, Attila"]
[Black "Kuczi, Balazs"]
[Result "1-0"]
[WhiteElo "1869"]
[BlackElo "1795"]
[PlyCount "57"]
[EventDate "2024.11.03"]
[EventType "team-tourn"]
[EventRounds "11"]
[EventCountry "HUN"]
[Source "chess.hu"]
[SourceDate "2024.11.04"]
[WhiteTeam "Ezust Huszar SE"]
[BlackTeam "Szechenyi ESE Gyor"]
[WhiteTeamCountry "HUN"]
[BlackTeamCountry "HUN"]

1. d4 Nf6 2. Nc3 g6 3. e4 d6 4. f3 Nbd7 5. Be3 Bg7 6. Qd2 O-O 7. O-O-O e5 8. d5
a5 9. g4 Nc5 10. h4 h5 11. gxh5 Nxh5 12. Bg5 Bf6 13. Nh3 Bd7 14. Rg1 a4 15. Ne2
Kh7 16. Ng3 Bxh3 17. Nxh5 Bxg5 18. hxg5 gxh5 19. Bxh3 b5 20. Bf5+ Kg7 21. Rh1
Rh8 22. Rh3 Nd7 23. Rdh1 Nf8 24. Rxh5 Rxh5 25. Rxh5 Ng6 26. Qh2 Qg8 27. Qh3 Rd8
28. Rh6 Kf8 29. Bxg6 1-0

[Event "NB2 Szechenyi csoport"]
[Site "Veszprem"]
[Date "2024.11.03"]
[Round "1.7"]
[White "Horvath, Laszlo"]
[Black "Horvath, Rudolf"]
[Result "1/2-1/2"]
[WhiteElo "1868"]
[BlackElo "1946"]
[PlyCount "34"]
[EventDate "2024.11.03"]
[EventType "team-tourn"]
[EventRounds "11"]
[EventCountry "HUN"]
[Source "chess.hu"]
[SourceDate "2024.11.04"]
[WhiteTeam "Szechenyi ESE Gyor"]
[BlackTeam "Ezust Huszar SE"]
[WhiteTeamCountry "HUN"]
[BlackTeamCountry "HUN"]

1. e4 e5 2. Nf3 Nf6 3. Nxe5 d6 4. Nf3 Nxe4 5. d4 d5 6. Bd3 Be7 7. O-O O-O 8.
Re1 Nd6 9. Bf4 Nd7 10. Nbd2 Nf6 11. h3 Re8 12. b3 b6 13. Ne5 Bb7 14. c4 Nde4
15. Rc1 Bb4 16. Qc2 Nh5 17. Be3 f6 1/2-1/2

[Event "NB2 Szechenyi csoport"]
[Site "Veszprem"]
[Date "2024.11.03"]
[Round "1.8"]
[White "Szunyogh, Istvan"]
[Black "Nagy, Istvan Miklos"]
[Result "1-0"]
[WhiteElo "1812"]
[BlackElo "1846"]
[PlyCount "139"]
[EventDate "2024.11.03"]
[EventType "team-tourn"]
[EventRounds "11"]
[EventCountry "HUN"]
[Source "chess.hu"]
[SourceDate "2024.11.04"]
[WhiteTeam "Ezust Huszar SE"]
[BlackTeam "Szechenyi ESE Gyor"]
[WhiteTeamCountry "HUN"]
[BlackTeamCountry "HUN"]

1. c4 c5 2. Nc3 d6 3. g3 Nc6 4. Bg2 g6 5. b3 Bg7 6. Bb2 Nf6 7. Nf3 O-O 8. d4
Qa5 9. O-O Bg4 10. d5 Nxd5 11. cxd5 Bxc3 12. Bxc3 Qxc3 13. dxc6 bxc6 14. Qd2
Qf6 15. h3 Be6 16. Ng5 Rac8 17. Rac1 Qe5 18. Nxe6 fxe6 19. Rc2 Rf5 20. Qc3 Qxc3
21. Rxc3 Kf8 22. Rc4 Ke8 23. e4 Rf8 24. Ra4 Rc7 25. Rd1 Kd7 26. e5 Rb8 27. Rc4
Rb5 28. Rc2 Rcb7 29. Rcd2 d5 30. Rc1 Ra5 31. Rc3 Rb6 32. Bf1 d4 33. Rc4 Kc7 34.
Bd3 Rb4 35. Rc1 Rb8 36. f4 Kd7 37. Rdc2 Ke8 38. Kf2 Rb6 39. Rd2 Rb8 40. Be4 Rb6
41. Ke2 Rba6 42. Rcc2 Rb6 43. Rc4 Rba6 44. Bb1 Rb6 45. Kd1 Rb8 46. Rdc2 Rbb5
47. Kc1 Kf7 48. Kb2 h6 49. a4 Rb8 50. Ka3 Rbb5 51. Rc1 g5 52. Be4 Rb8 53. Rxc5
Rxc5 54. Rxc5 Rd8 55. Bd3 gxf4 56. gxf4 Rg8 57. f5 Rg3 58. Bc4 d3 59. Bxe6+ Kf8
60. Kb2 Rxh3 61. Rxc6 Rh2+ 62. Kc1 Re2 63. Rc8+ Kg7 64. Re8 Rxe5 65. Rxe7+ Kf6
66. Rf7+ Kg5 67. Rxa7 Kf4 68. Kd2 Ke4 69. Rc7 Kd4 70. Rc4# 1-0

[Event "NB2 Szechenyi csoport"]
[Site "Veszprem"]
[Date "2024.11.03"]
[Round "1.9"]
[White "Bedocs, Mate"]
[Black "Lukacs, Imre"]
[Result "1/2-1/2"]
[WhiteElo "1700"]
[BlackElo "1802"]
[PlyCount "47"]
[EventDate "2024.11.03"]
[EventType "team-tourn"]
[EventRounds "11"]
[EventCountry "HUN"]
[Source "chess.hu"]
[SourceDate "2024.11.04"]
[WhiteTeam "Szechenyi ESE Gyor"]
[BlackTeam "Ezust Huszar SE"]
[WhiteTeamCountry "HUN"]
[BlackTeamCountry "HUN"]

1. e4 c5 2. Nf3 e6 3. g3 d5 4. exd5 exd5 5. d4 Nf6 6. Bg2 Be7 7. O-O O-O 8.
dxc5 Bxc5 9. Nbd2 Nc6 10. Nb3 Be7 11. c3 Bg4 12. h3 Bh5 13. Re1 Qc7 14. Bf4 Bd6
15. Bxd6 Qxd6 16. g4 Bg6 17. Nh4 Rad8 18. Nxg6 fxg6 19. Qd2 Ne5 20. Rad1 Nc4
21. Qe2 Nb6 22. Qb5 Qf4 23. Qe2 Rde8 24. Qf3 1/2-1/2

[Event "NB2 Szechenyi csoport"]
[Site "Veszprem"]
[Date "2024.11.03"]
[Round "1.10"]
[White "Meszaros, Ferenc"]
[Black "Vasenszky, Zoltan Gyorgy"]
[Result "1/2-1/2"]
[WhiteElo "1673"]
[BlackElo "1768"]
[PlyCount "75"]
[EventDate "2024.11.03"]
[EventType "team-tourn"]
[EventRounds "11"]
[EventCountry "HUN"]
[Source "chess.hu"]
[SourceDate "2024.11.04"]
[WhiteTeam "Ezust Huszar SE"]
[BlackTeam "Szechenyi ESE Gyor"]
[WhiteTeamCountry "HUN"]
[BlackTeamCountry "HUN"]

1. e4 e6 2. d4 d5 3. exd5 exd5 4. Nf3 Nf6 5. Be2 Bd6 6. Bg5 O-O 7. O-O Bg4 8.
Re1 Nbd7 9. Nbd2 c6 10. c3 Qc7 11. h3 Bh5 12. Qc2 Bg6 13. Bd3 Bxd3 14. Qxd3
Rfe8 15. b4 b6 16. a4 h6 17. Bxf6 Nxf6 18. Qf5 a5 19. Rxe8+ Rxe8 20. bxa5 bxa5
21. Re1 Rxe1+ 22. Nxe1 c5 23. Qc2 Bf4 24. dxc5 Bxd2 25. Qxd2 Qxc5 26. Qd4 Ne4
27. Nd3 Qxc3 28. Qxd5 Qa1+ 29. Kh2 Qxa4 30. Ne5 Ng5 31. Nc6 Qf4+ 32. Kg1 a4 33.
Ne7+ Kh7 34. Qd8 h5 35. Qg8+ Kh6 36. Qh8+ Nh7 37. Ng8+ Kg6 38. Ne7+ 1/2-1/2

[Event "NB2 Szechenyi csoport"]
[Site "Veszprem"]
[Date "2024.11.03"]
[Round "1.11"]
[White "Bencsics, Benedek"]
[Black "Pohl, Brigitta"]
[Result "1-0"]
[WhiteElo "1723"]
[BlackElo "1554"]
[PlyCount "75"]
[EventDate "2024.11.03"]
[EventType "team-tourn"]
[EventRounds "11"]
[EventCountry "HUN"]
[Source "chess.hu"]
[SourceDate "2024.11.04"]
[WhiteTeam "Szechenyi ESE Gyor"]
[BlackTeam "Ezust Huszar SE"]
[WhiteTeamCountry "HUN"]
[BlackTeamCountry "HUN"]

1. e4 e5 2. Nf3 Nc6 3. d4 exd4 4. Bc4 a6 5. Nxd4 Nxd4 6. Qxd4 d6 7. Bf4 Qf6 8.
e5 dxe5 9. Bxe5 Qe7 10. O-O Qc5 11. Bxg7 Qxd4 12. Bxd4 f6 13. Re1+ Be7 14. Bxg8
Rxg8 15. Bxf6 Kf7 16. Bxe7 Bh3 17. g3 Rae8 18. Bb4 Rxe1+ 19. Bxe1 h5 20. Nc3 h4
21. f4 Bf5 22. Rc1 h3 23. Kf2 Re8 24. Nd5 c6 25. Ne3 Bc8 26. g4 Re4 27. f5 Kf6
28. Kf3 Re8 29. Bh4+ Kf7 30. g5 Kg8 31. g6 Re5 32. Kf4 Rb5 33. f6 Rb4+ 34. c4
Be6 35. Rd1 Bd5 36. a3 Rxb2 37. Nxd5 cxd5 38. Rxd5 1-0

[Event "NB2 Szechenyi csoport"]
[Site "Sarvar"]
[Date "2024.11.03"]
[Round "1.1"]
[White "Kiss, Balint"]
[Black "Odor, Istvan"]
[Result "1-0"]
[WhiteElo "2218"]
[BlackElo "2096"]
[PlyCount "69"]
[EventDate "2024.11.03"]
[EventType "team-tourn"]
[EventRounds "11"]
[EventCountry "HUN"]
[Source "chess.hu"]
[SourceDate "2024.11.04"]
[WhiteTeam "Arboretum Hereny SE"]
[BlackTeam "Sarvari Sakk Club SE"]
[WhiteTeamCountry "HUN"]
[BlackTeamCountry "HUN"]

1. e4 c5 2. Nf3 Nc6 3. d4 cxd4 4. Nxd4 g6 5. c4 Nf6 6. Nc3 d6 7. Be2 Nxd4 8.
Qxd4 Bg7 9. Be3 O-O 10. Qd3 a5 11. O-O a4 12. Bd4 Be6 13. f4 Bd7 14. Rac1 Bc6
15. Qe3 Qd7 16. h3 Rac8 17. Rcd1 Qe8 18. e5 Nd7 19. exd6 Bxd4 20. Rxd4 exd6 21.
Qxe8 Rfxe8 22. Rxd6 a3 23. b4 Nf8 24. b5 Bd7 25. Bf3 Rb8 26. Rfd1 Bf5 27. c5
Ne6 28. c6 bxc6 29. Bxc6 Red8 30. g4 Bc2 31. Rxd8+ Rxd8 32. Rxd8+ Nxd8 33. Bd5
Bd3 34. b6 Ba6 35. Nb1 1-0

[Event "NB2 Szechenyi csoport"]
[Site "Sarvar"]
[Date "2024.11.03"]
[Round "1.2"]
[White "Balka, Richard"]
[Black "Takacs, Karoly"]
[Result "1-0"]
[WhiteElo "2057"]
[BlackElo "1944"]
[PlyCount "61"]
[EventDate "2024.11.03"]
[EventType "team-tourn"]
[EventRounds "11"]
[EventCountry "HUN"]
[Source "chess.hu"]
[SourceDate "2024.11.04"]
[WhiteTeam "Sarvari Sakk Club SE"]
[BlackTeam "Arboretum Hereny SE"]
[WhiteTeamCountry "HUN"]
[BlackTeamCountry "HUN"]

1. e4 c5 2. Nf3 e6 3. d4 cxd4 4. Nxd4 Nf6 5. Nc3 Bb4 6. e5 Nd5 7. Qg4 O-O 8.
Bh6 g6 9. Bxf8 Qxf8 10. Qg3 Qc5 11. Nb3 Nxc3 12. Nxc5 Ne4+ 13. c3 Nxg3 14. cxb4
Nxh1 15. g3 Nc6 16. Nd3 b5 17. Bg2 Nxf2 18. Kxf2 a5 19. a3 Ra7 20. Rc1 Bb7 21.
bxa5 Rxa5 22. Nc5 Ra7 23. Nxd7 Nd8 24. Rc7 Kg7 25. Nc5 Bxg2 26. Rxa7 Bd5 27.
Ra5 b4 28. a4 Nc6 29. Rb5 Nxe5 30. Rxb4 Ng4+ 31. Rxg4 1-0

[Event "NB2 Szechenyi csoport"]
[Site "Sarvar"]
[Date "2024.11.03"]
[Round "1.3"]
[White "Tako, Helga"]
[Black "Ongai, Erik"]
[Result "0-1"]
[WhiteElo "1927"]
[BlackElo "2067"]
[PlyCount "76"]
[EventDate "2024.11.03"]
[EventType "team-tourn"]
[EventRounds "11"]
[EventCountry "HUN"]
[Source "chess.hu"]
[SourceDate "2024.11.04"]
[WhiteTeam "Arboretum Hereny SE"]
[BlackTeam "Sarvari Sakk Club SE"]
[WhiteTeamCountry "HUN"]
[BlackTeamCountry "HUN"]

1. e4 c5 2. Nf3 d6 3. d4 cxd4 4. Nxd4 Nf6 5. Nc3 a6 6. Be3 e5 7. Nb3 Be6 8. Be2
b5 9. a3 Nbd7 10. O-O Nb6 11. Re1 Be7 12. Bf3 Nc4 13. Bc1 O-O 14. Nd2 Nb6 15.
Nf1 Rc8 16. Ne3 Qc7 17. h3 Rfd8 18. Ng4 h6 19. Nxf6+ Bxf6 20. Bg4 Qd7 21. Bf3
Qc6 22. Bg4 Qd7 23. Bf3 Rc7 24. Ne2 Qc6 25. c3 Nc4 26. Ng3 Rcd7 27. Qe2 d5 28.
exd5 Bxd5 29. Bg4 Rb7 30. Nf5 Bxg2 31. f3 h5 32. Qxg2 hxg4 33. hxg4 Rd3 34. g5
Bd8 35. b3 Qxf3 36. bxc4 Qxf5 37. Rf1 Bb6+ 38. Rf2 Rd1+ 0-1